|
|
|
|
| LEADER |
00000nam0a2200000 4500 |
| 001 |
361361 |
| 005 |
20231102011400.0 |
| 035 |
|
|
|a (RuTPU)RU\TPU\retro\18687
|
| 090 |
|
|
|a 361361
|
| 100 |
|
|
|a 20210603d1974 km y0rusy50 ca
|
| 101 |
0 |
|
|a rus
|
| 102 |
|
|
|a UA
|
| 105 |
|
|
|a a z 001zy
|
| 200 |
1 |
|
|a Структурообразование и твердение цементных паст и бетонов при пониженных температурах
|f О. П. Мчедлов-Петросян, В. Л. Чернявский
|
| 210 |
|
|
|a Киев
|c Будiвельник
|d 1974
|
| 215 |
|
|
|a 112 с.
|c ил.
|
| 320 |
|
|
|a Библиогр.: с. 107-112
|
| 606 |
1 |
|
|a Бетон
|x Схватывание и твердение при низких температурах
|2 stltpush
|3 (RuTPU)RU\TPU\subj\28381
|9 51911
|
| 610 |
1 |
|
|a цементные материалы
|
| 610 |
1 |
|
|a структурообразование
|
| 610 |
1 |
|
|a отрицательные температуры
|
| 610 |
1 |
|
|a цементно-водные системы
|
| 610 |
1 |
|
|a химическое взаимодействие
|
| 610 |
1 |
|
|a физико-химическое взаимодействие
|
| 610 |
1 |
|
|a зимнее бетонирование
|
| 675 |
|
|
|a 693.547.3
|v 4
|
| 700 |
|
1 |
|a Мчедлов-Петросян
|b О. П.
|g Отар Петрович
|
| 701 |
|
1 |
|a Чернявский
|b В. Л.
|g Вячеслав Леонидович
|
| 801 |
|
1 |
|a RU
|b 63413507
|c 20210603
|
| 801 |
|
2 |
|a RU
|b 63413507
|c 20210916
|g RCR
|
| 942 |
|
|
|c BK
|